000 00309nam a22001337a 4500
008 170613b xxu||||| |||| 00| 0 eng d
020 _a9780073043951
041 _aeng
080 _211 ED
_a323
100 _a19
101 _aSHP
245 _aTAKING SIDES WORLD POLIRICS
_cROURKE.J.T
942 _2udc
_cBK
999 _c17171
_d17171